书目信息 |
| 题名: |
商业体育人物论
|
|
| 作者: | 曾静平 著 | |
| 分册: | ||
| 出版信息: | 西安 陕西师范大学出版总社 2016 |
|
| 页数: | 223页 | |
| 开本: | 23cm | |
| 丛书名: | 商业体育系列丛书 | |
| 单 册: | ||
| 中图分类: | K815.47 | |
| 科图分类: | ||
| 主题词: | 体育工作者--人物研究--世界 | |
| 电子资源: | ||
| ISBN: | 978-7-5613-8701-6 | |
| 000 | 01137oam2 2200253 450 | |
| 001 | 4083 | |
| 005 | 20180527214304.22 | |
| 010 | @a978-7-5613-8701-6@dCNY37.50 | |
| 100 | @a20170215d2016 em y0chiy50 ea | |
| 101 | 0 | @achi |
| 102 | @aCN@b610000 | |
| 105 | @ay z 000yy | |
| 200 | 1 | @a商业体育人物论@9shang ye ti yu ren wu lun@f曾静平著 |
| 210 | @a西安@c陕西师范大学出版总社@d2016 | |
| 215 | @a223页@d23cm | |
| 225 | 1 | @a商业体育系列丛书@f钟秉枢, 李舜, 杨铁黎主编 |
| 300 | @a北京市教育委员会专项资金资助 | |
| 330 | @a本书客观求真地介绍了萨马兰奇、乔丹、贝克汉姆、李宁、姚明等17位全球最具影响力的商业体育人物的背景、发展轨迹与更为深度的内在瑰宝,瞄准商业体育人物的柱状规律,挖掘了鲜为人知的全世界体育产业的“淘金”故事和财富鸿篇,是一个个鲜活的商业体育大腕素描特写,是他们和其团队商业策划、商业运作、商业执行等的经典案例。《商业体育人物论》吸收了中国顶级体育院校的最新最高科研成果,是中国商业体育人物的探索性开篇。 | |
| 461 | 0 | @12001 @a商业体育系列丛书 |
| 606 | 0 | @a体育工作者@x人物研究@y世界 |
| 690 | @aK815.47@v5 | |
| 701 | 0 | @a曾静平@9zeng jing ping@4著 |
| 801 | 0 | @aCN@b91MARC@c20170215 |
| 905 | @aMuseLib@dK815.47@e155 | |
| 商业体育人物论/曾静平著.-西安:陕西师范大学出版总社,2016 |
| 223页;23cm.-(商业体育系列丛书/钟秉枢, 李舜, 杨铁黎主编) |
| 北京市教育委员会专项资金资助 |
| ISBN 978-7-5613-8701-6:CNY37.50 |
| 本书客观求真地介绍了萨马兰奇、乔丹、贝克汉姆、李宁、姚明等17位全球最具影响力的商业体育人物的背景、发展轨迹与更为深度的内在瑰宝,瞄准商业体育人物的柱状规律,挖掘了鲜为人知的全世界体育产业的“淘金”故事和财富鸿篇,是一个个鲜活的商业体育大腕素描特写,是他们和其团队商业策划、商业运作、商业执行等的经典案例。《商业体育人物论》吸收了中国顶级体育院校的最新最高科研成果,是中国商业体育人物的探索性开篇。 |
| ● |
| 相关链接 |
|
|
|
|
正题名:商业体育人物论
索取号:K815.47/155
 
预约/预借
| 序号 | 登录号 | 条形码 | 馆藏地/架位号 | 状态 | 备注 |
| 1 | 1111834 | 211118342 | 第二样本阅览室/ [索取号:K815.47/155] | 在馆 | |
| 2 | 1111835 | 211118351 | 教育系资料室/ [索取号:K815.47/155] | 在馆 | |
| 3 | 1111836 | 211118360 | 教育系资料室/ [索取号:K815.47/155] | 在馆 | |
| 4 | 1111837 | 211118379 | 第二借阅区/ [索取号:K815.47/155] | 在馆 |